<?xml version="1.0" encoding="UTF-8"?>
<record
    xmlns:xsi="http://www.w3.org/2001/XMLSchema-instance"
    xsi:schemaLocation="http://www.loc.gov/MARC21/slim http://www.loc.gov/standards/marcxml/schema/MARC21slim.xsd"
    xmlns="http://www.loc.gov/MARC21/slim">

  <leader>00690nam a22002057a 4500</leader>
  <controlfield tag="005">20240201110344.0</controlfield>
  <datafield tag="010" ind1=" " ind2=" ">
    <subfield code="a">ENG-139022</subfield>
  </datafield>
  <datafield tag="020" ind1=" " ind2=" ">
    <subfield code="a">9789355322258</subfield>
    <subfield code="c">920.00</subfield>
  </datafield>
  <datafield tag="035" ind1=" " ind2=" ">
    <subfield code="a">EN-122554</subfield>
  </datafield>
  <datafield tag="037" ind1=" " ind2=" ">
    <subfield code="b">DBAD/PUB</subfield>
  </datafield>
  <datafield tag="082" ind1=" " ind2=" ">
    <subfield code="a">620.0042</subfield>
    <subfield code="2">6</subfield>
  </datafield>
  <datafield tag="100" ind1=" " ind2=" ">
    <subfield code="a">Dieter, George E</subfield>
    <subfield code="9">61502</subfield>
  </datafield>
  <datafield tag="245" ind1=" " ind2=" ">
    <subfield code="a">Engineering Design/</subfield>
    <subfield code="c">By George E Dieter and Linda C Schmidt</subfield>
  </datafield>
  <datafield tag="250" ind1=" " ind2=" ">
    <subfield code="a">6</subfield>
  </datafield>
  <datafield tag="260" ind1=" " ind2=" ">
    <subfield code="b">McGraw Hill Education India Pvt Limited </subfield>
    <subfield code="c">2022</subfield>
    <subfield code="a">Chennai </subfield>
  </datafield>
  <datafield tag="270" ind1=" " ind2=" ">
    <subfield code="a">444/1, Sri Ekambara Naicker Industrial Estate, Alapakkam </subfield>
    <subfield code="b">Chennai </subfield>
    <subfield code="e">600116</subfield>
  </datafield>
  <datafield tag="300" ind1=" " ind2=" ">
    <subfield code="a">xix,596,I-27p.</subfield>
    <subfield code="c">24cm(pbk)</subfield>
    <subfield code="b">ill. </subfield>
  </datafield>
  <datafield tag="700" ind1=" " ind2=" ">
    <subfield code="a">Schmidt, Linda C </subfield>
    <subfield code="e">Author</subfield>
    <subfield code="9">61503</subfield>
  </datafield>
  <datafield tag="942" ind1=" " ind2=" ">
    <subfield code="2">ddc</subfield>
    <subfield code="c">EN</subfield>
    <subfield code="h">620.0042</subfield>
    <subfield code="m">DIE</subfield>
    <subfield code="e">6</subfield>
  </datafield>
  <datafield tag="999" ind1=" " ind2=" ">
    <subfield code="c">200480</subfield>
    <subfield code="d">200480</subfield>
  </datafield>
  <datafield tag="952" ind1=" " ind2=" ">
    <subfield code="0">0</subfield>
    <subfield code="1">0</subfield>
    <subfield code="4">0</subfield>
    <subfield code="7">0</subfield>
    <subfield code="8">NFIC</subfield>
    <subfield code="a">ZLS</subfield>
    <subfield code="b">ZLS</subfield>
    <subfield code="d">2024-02-01</subfield>
    <subfield code="e">DBAD/PUB</subfield>
    <subfield code="g">920.00</subfield>
    <subfield code="l">0</subfield>
    <subfield code="o">620.0042 DIE</subfield>
    <subfield code="p">EN-122554</subfield>
    <subfield code="r">2024-02-01 00:00:00</subfield>
    <subfield code="t">1</subfield>
    <subfield code="v">920.00</subfield>
    <subfield code="w">2024-02-01</subfield>
    <subfield code="y">EN</subfield>
  </datafield>
</record>
